=LDR 00000nam 2200000 4500 =001 INLIS000000000057061 =005 20201125085409 =035 ##$$a 0010-1120000132 =007 ta =008 201125###########################0###### =082 ##$$a 792.095 985 303 4 =084 ##$$a 792.095 985 303 4 Pam p =245 ##$$a Pameran Topeng Tradisional dan Kreasi : $b Tgl. 22 s.d 29 Desember 1990 di Taman Budaya Mataram =250 ##$$a cet. 1 =300 ##$$a 7 halaman : $b ilus ; $c 21 cm =600 #4$$a Topeng =264 ##$$a Mataram :$b Kantor Wilayah Depdikbud Prop.NTB,$c 1990 =336 ##$$a Teks$2 rdacontent =337 ##$$a Buku$2 rdamedia =338 ##$$a lain-lain$2 rdacarrier =990 ##$$a 35443544 =990 ##$$a 83/21/1992